Lana Del Rey songs beginning with letter "L" - Statistics

General Stats
  • This quiz has been taken 92 times
  • The average score is 6 of 8
Answer Stats
Hint Answer % Correct
Lust for life Lust for life
94%
Lust for life Love
90%
Born to die Lolita
83%
Norman fucking Rockwell Love song
75%
Did you know that there's a tunnel under Ocean Blvd Let the light in
74%
Born to die Lucky ones
65%
Blue banisters Living legend
64%
Chemtrails over the country club Let me love you like a woman
53%
No matching quizzes found
Score Distribution
Percent of People with Each Score
Percentile by Number Answered
Your Score History
You have not taken this quiz